Top 20 Playoff Players of the 2010's - Statistiques

Statistiques générales
  • Ce quiz a été pris 21 fois
  • Le résultat moyen est 15 sur 20
Statistiques - réponses
Hint Teams Réponse % Correct
8 Warriors Klay Thompson
100%
1 Heat/Cavaliers LeBron James
100%
2 Warriors Stephen Curry
100%
3 Thunder/Warriors Kevin Durant
94%
10 Warriors Draymond Green
89%
4 Spurs/Raptors Kawhi Leonard
89%
11 Thunder Russell Westbrook
89%
6 Heat Dwayne Wade
83%
13 Thunder/Rockets James Harden
83%
7 Lakers Kobe Bryant
83%
5 Blazers Damian Lillard
78%
9 Cavaliers/Celtics Kyrie Irving
78%
12 Mavericks Dirk Nowitzki
72%
20 Nuggets/Knicks/Thunder Carmelo Anthony
67%
17 Hornets/Clippers/Rockets Chris Paul
67%
18 Pacers/Thunder Paul George
67%
15 Raptors DeMar DeRozan
56%
14 Celtics/Wizards/Clippers Paul Pierce
56%
19 Timberwolves/Cavaliers Kevin Love
50%
16 Lakers/Bulls Pau Gasol
44%
Aucun quiz correspondant
Distribution des résultats
% des personnes avec chaque résultat
Percentile par nombre de réponses
Votre historique - résultats
Vous n’avez pas pris ce quiz